000 00890nam a2200253Ia 4500
003 OSt
005 20221005112904.0
006 a|||||r|||| 00| 0
007 ta
008 221004b |||||||| |||| 00| 0 pan d
020 _a8126001488 (hbk)
_c750
024 _a14568
037 _b900, 14/10/2014, H.K. Prakashan
_cTextual
040 _aCRL
_cCRL
_bpan
041 _2pan
_apan
082 _aO155,3M98,YA, 153N7
100 _aਖਾਂਡੇਕਰ, ਵਿFਨੂੰ ਸਖਾਰਾਮ
_9624449
245 0 _aਯਯਾਤੀ
260 _aਦਿੱਲੀ
_bਸਾਹਿਤ ਅਕਾਦਮੀ ਭਾਰਤ
_c1997
300 _a416ਪੰ
_ccm.
650 _aਮਰਾਠੀ ਕਹਾਣੀ
942 _hO155,3M98,YA, 153N7
_cTEXL
_2cc
999 _c1026331
_d1026331